K problematike modelovania budiacich systémov synchrónnych generátorov

Na minha lista:
Detalhes bibliográficos
Autor principal: Peťko, Pavol (Author)
Outros Autores: Bízik, Juraj (Thesis advisor)
Formato: Manuscrito Livro
Idioma:eslovaco
Publicado em: Bratislava : STU v Bratislave FEI, 2001
Assuntos:
Tags: Adicionar Tag
Sem tags, seja o primeiro a adicionar uma tag!

MARC

LEADER 00000ntm a22000003a 4500
001 stu73450
005 20160719164813.5
008 020130s2001------------------------slo-d
040 |a STU  |b slo 
041 0 |a slo 
100 1 |a Peťko, Pavol  |4 aut 
245 1 |a K problematike modelovania budiacich systémov synchrónnych generátorov 
260 |a Bratislava :  |b STU v Bratislave FEI,  |c 2001 
300 |a 60 s 
650 7 |a automatizácia  |2 stusub 
700 1 |a Bízik, Juraj  |4 ths